Vista normal Vista MARC

Entrada Materia (tema)

Número de registros utilizados en: 1

001 - CONTROL NUMBER

  • control field: 30443

003 - CONTROL NUMBER IDENTIFIER

  • control field: Co-BoUCM

005 - DATE AND TIME OF LATEST TRANSACTION

  • control field: 20130227160631.0

008 - FIXED-LENGTH DATA ELEMENTS

  • fixed length control field: 130227|| aca||aabn | a|a d

040 ## - CATALOGING SOURCE

  • Original cataloging agency: Co-BoUCM
  • Transcribing agency: Co-BoUCM

150 ## - HEADING--TOPICAL TERM

  • Topical term or geographic name as entry element: EJERCICIO
  • General subdivision: INVESTIGACIONES
  • Geographic subdivision: ANTIOQUIA (COLOMBIA)

670 ## - SOURCE DATA FOUND

  • Source citation: Work cat.: (Co-BoUCM)38160: Manual antioqueño de actividad física para la salud /, 2011.